Biblioteka Instytutu Północnego w Olsztynie

Widok standardowy Widok MARC

Pozycja Personal Name

Liczba rekordów, w których użyto hasła: 1

001 - Numer kontrolny

  • control field: 39372

003 - Identyfikator numeru kontrolnego

  • control field: NUKAT

005 - Data i czas ostatniej modyfikacji

  • control field: 20260331234621.0

008 - Dane kontrolne kodowane (40 znaków)

  • fixed length control field: 110928n||a|znnaabn |a aaa |c

010 ## - Numer kontrolny Biblioteki Kongresu

  • numer kontrolny LC: n 2011205944

024 7# - OTHER STANDARD IDENTIFIER

  • Standard number or code: 250237683
  • Source of number or code: viaf

024 7# - OTHER STANDARD IDENTIFIER

  • Standard number or code: 0000000370847795
  • Source of number or code: isni

040 ## - Instytucja sporządzająca rekord

  • inst. przygot. dane do rek. khw: KR U/MSo
  • język haseł przedmiotowych/tezaurus: kaba
  • inst. wprow. rek. khw: KR U/MSo

046 ## - Special dates

  • Birth date: 1970

100 1# - Hasło - nazwa osobowa

  • nazwa osobowa w formie ujednoliconej: Kamilewicz-Rucińska, Danuta
  • daty biograficzne: (1970- ).

372 ## - Field of activity

  • Field: Pedagogika.
  • Auth control #: http://nukat.edu.pl/aut/s 96012998
  • Source of term: kaba

374 ## - Occupation

  • Occupation: Pedagodzy.
  • Auth control #: http://nukat.edu.pl/aut/s 96012997
  • Source of term: kaba

400 1# - Trop zob. - nazwa osobowa

  • nazwa osobowa (nazwisko, imiona): Rucińska, Danuta Kamilewicz-.

670 ## - Źródło informacji

  • źródło informacji: Kp. Być nauczycielem Polakiem na Litwie / Danuta Kamilewicz-Rucińska. - Olsztyn, 2010.

670 ## - Źródło informacji

  • źródło informacji: BNPol online
Biblioteka Instytutu Północnego, ul. Partyzantów 87, 10-402 Olsztyn, email: biblioteka(at)ip.olsztyn.pl